000 00199 a2200097 4500
001 11942
100 _aMontgomery
245 _aAn approach to sanity
260 _a
_bCollins
_c
090 _c9196
_d9196
942 _aNUST-CAE
_cM
_c36040
999 _c247015
_d247015